Spell the Marvel Character #209 - Statistics

General Stats
  • This quiz has been taken 11 times
  • The average score is 12 of 13
Answer Stats
Picture Answer % Correct
Angel
100%
Beta-Ray Bill
100%
Echo
100%
Elektra
100%
Emma Frost
100%
Lockjaw
100%
Nick Fury
100%
Okoye
100%
Yelena Belova
100%
Yellowjacket
100%
American Dream
91%
Lockheed
91%
Vindicator
55%
No matching quizzes found
Score Distribution
Percent of People with Each Score
Percentile by Number Answered
Your Score History
You have not taken this quiz